| 000 | 00366nam a2200133Ia 4500 | ||
|---|---|---|---|
| 008 | 240624s9999 xx 000 0 und d | ||
| 041 | _aeng | ||
| 082 | _a005.74 IYE | ||
| 100 | _aIYENGAR VENUGOPAL | ||
| 245 | _aINFORMATION SECURITY FOR MANAGEMENT | ||
| 260 |
_c2008 _aNew Delhi _bHimalaya Publishing House |
||
| 300 | _avii, : 102 : p. : cm. ; 27 | ||
| 365 |
_cRS _b25 |
||
| 999 |
_c12067 _d12067 |
||